Houston Rockets All-Time Starters - Statistics

General Stats
  • This quiz has been taken 51 times
  • The average score is 5 of 7
Answer Stats
Hint Answer % Correct
C Hakeem Olajuwon
98%
SG James Harden
93%
SF Clyde Drexler
69%
6th man Yao Ming
67%
PF Moses Malone
50%
Coach Rudy Tomjanovich
48%
PG Calvin Murphy
38%
No matching quizzes found
Score Distribution
Percent of People with Each Score
Percentile by Number Answered
Your Score History
You have not taken this quiz